000 00331nam a22001457a 4500
003 SGT
020 _a81897483-5
082 _a616.07
_bCHA
100 _aCHATURVEDI, SUSHMA
245 _aPATHOPHYSIOLOGY & COMMON DISEASES
260 _aINDIA
_bBIRLA PUB.
_c2026
300 _a224
650 _aPATHOPHYSIOLOGY
942 _2ddc
_cBK
999 _c32966
_d32966